LIBRARY & INFORMATION CENTRE, KCAET, TAVANUR

ONLINE PUBLIC ACCESS CATALOGUE (OPAC)

Text Book of Algebra / (Record no. 4144)

MARC details
000 -LEADER
fixed length control field 00591cam a2200241ua 4500
041 ## - LANGUAGE CODE
Language code of text/sound track or separate title mal
082 ## - DEWEY DECIMAL CLASSIFICATION NUMBER
Classification number 512
Item number SEE/TEE
100 ## - MAIN ENTRY--AUTHOR NAME
Personal name Seetharaman, V .
245 ## - TITLE STATEMENT
Title Text Book of Algebra /
250 ## - EDITION STATEMENT
Edition statement 3 /
260 ## - PUBLICATION, DISTRIBUTION, ETC. (IMPRINT)
Place of publication Chennai :
Name of publisher National Publishing House ,
Year of publication 1963.
300 ## - PHYSICAL DESCRIPTION
Number of Pages 492 ; .
650 ## - SUBJECT ADDED ENTRY--TOPICAL TERM
Topical Term Algebra
700 1# - ADDED ENTRY--PERSONAL NAME
Personal name Krishnankutty Menon, V .
942 ## - ADDED ENTRY ELEMENTS (KOHA)
Koha item type Books
Holdings
Withdrawn status Lost status Damaged status Home library Current library Date acquired Cost, normal purchase price Full call number Accession Number Koha item type
Withdrawn     KAUAET KAUAET 07/04/2012 7.00 512 SEE/TE 7747 Books
      KAUAET KAUAET 07/04/2012   512 SEE/TE 7751 A Books
      KAUAET KAUAET 07/04/2012   512 SEE/TE 7749 A Books
      KAUAET KAUAET 07/04/2012   512 SEE/TE 7750 A Books
free website counter